Reformas para la cohesión social en América Latina: panorama antes de la crisis /
El documento trata acerca de la cohesión social en América Latina, acerca del desarrollo económico y la atracción de inversiones, la reducción de la pobreza y la precariedad, así como la consolidación de la democracia en América Latina.
Guardat en:
| Autor principal: | |
|---|---|
| Format: | Desconegut |
| Idioma: | Spanish |
| Publicat: |
Santiago, Chile :
CEPAL
2009
|
| Matèries: | |
| Etiquetes: |
Afegir etiqueta
Sense etiquetes, Sigues el primer a etiquetar aquest registre!
|
MARC
| LEADER | 00000 a2200000 04500 | ||
|---|---|---|---|
| 001 | 39988 | ||
| 003 | cru CIDCACS/IIS | ||
| 005 | 20230707094847.0 | ||
| 008 | 050701s2009 cl spa d | ||
| 020 | |a 9788492511136 | ||
| 040 | |a cru CIDCACS/IIS |c cru CIDCACS/IIS | ||
| 090 | |a 02.01.01 B242r | ||
| 100 | |a Bárcena, Alicia | ||
| 245 | |a Reformas para la cohesión social en América Latina: |b panorama antes de la crisis / |c Alicia Bárcena y Narcis Serra, editoras | ||
| 260 | |a Santiago, Chile : |b CEPAL |c 2009 | ||
| 300 | |a 399 páginas | ||
| 520 | |a El documento trata acerca de la cohesión social en América Latina, acerca del desarrollo económico y la atracción de inversiones, la reducción de la pobreza y la precariedad, así como la consolidación de la democracia en América Latina. | ||
| 650 | 0 | |9 2142 |a DESARROLLO ECONOMICO | |
| 650 | 0 | |9 931 |a INVERSIONES | |
| 650 | 0 | |9 83 |a DEMOCRACIA | |
| 650 | 0 | |9 284 |a POBREZA | |
| 651 | 0 | |9 17 |a AMERICA LATINA | |
| 942 | |2 ddc |c LI |h 02.01.01 B242r |i 09422 |6 020101_B242R_09422 | ||
| 999 | |c 16971 |d 16971 | ||



